000 02026cam a22004814i 4500
003 PE-LiUPU
005 20250731172810.0
008 150617s r 000 0 d
020 _a8429308059
035 _a(Sirsi) i9788429308051
040 _aPE-LiUPU
_bspa
_cPE-LiUPU
_erda
049 _aPRUA
082 0 4 _a234.2
_bR87
_221
100 1 _aRovira Belloso, Josep Maria,
_d1926- ,
_eautor.
245 1 0 _aFe y cultura en nuestro tiempo /
_cJosep Mª Rovira i Belloso ; [traducción y adaptación del autor].
264 1 _aSantander :
_bSal Terrae,
_c1988.
300 _a189 páginas ;
_c21 centímetros
336 _atext
_2rdacontent
337 _aunmediated
_2rdamedia
338 _avolume
_2rdacarrier
490 0 _aColección Presencia Teológica ;
_v46
505 0 _aTerminología. Cultura. Fe. -Transición. -Hechos culturales significativos. Hechos sectoriales. Hechos globales. -La Autocomprensión de la Iglesia en el panorama cultural. -El sistema de cristiandad. La opción "privatística". Tendencias actuales. -La Iglesia ante el pluralismo cultural, la cuestión de la ética. Tres cuestiones fundamentales. La ética como realidad social: propósito de los nuevos marginados. -La Inculturación. Los principios. La síntesis propia. Los desafíos.
526 _aSEG42
526 _aSEG41
526 _aSEG40
526 _aSEG39
526 _aP94
526 _aP87
526 _aP86
526 _aP85
526 _aP77
526 _aP76
526 _aP35
650 0 4 _aCristianismo
_ySiglo XX.
650 0 4 _aCultura
_ySiglo XX.
910 _ajck
_bjvq
_cjck
_d20150616
942 _2ddc
_cBOOK
949 _a234.2 R87
_wDEWEY
_c1
_i31242
_lCCODEBUL1
_mBUL
_r0
_sY
_tBOOK
_u2015-6-17
_xTEOLOGIA
_PP35
_0COMPRA
_o.STAFF. Colección General
994 _aC0
_bPEPRU
596 _a1
999 _a234.2 R87
_wDEWEY
_c3867
_i31242
_f2021-11-10
_g5
_lCCODEBUL1
_mBUL
_r0
_sY
_tBOOK
_u2015-6-17
_xTEOLOGIA
_PP35
_0COMPRA
_o.STAFF. Colección General
_d3867
980 _81
_gALBERTO SANCHEZ Responsable de Automatización